駅名に「荻」を含む駅 - Statistics

General Stats
  • This quiz has been taken 105 times
  • The average score is 4 of 8
Answer Stats
Hint Answer % Correct
杉並区 荻窪
96%
杉並区 西荻窪
92%
杉並区 井荻
67%
喜多方市 荻野
57%
新潟市 荻川
39%
竹田市 豊後荻
21%
高岡市 荻布
17%
黒部市 荻生
17%
No matching quizzes found
Score Distribution
Percent of People with Each Score
Percentile by Number Answered
Your Score History
You have not taken this quiz